LEADER 02156nas 2200697- 450 001 9910446858103321 005 20230312213022.0 011 $a1741-2919 035 $a(OCoLC)47295540 035 $a(CKB)969963425008 035 $a(CONSER)--2020207505 035 $a(DE-599)ZDB2074958-2 035 $a(EXLCZ)99969963425008 100 $a20010713a20019999 --- a 101 0 $aeng 135 $aurmnu|||||||| 181 $ctxt$2rdacontent 182 $cc$2rdamedia 183 $acr$2rdacarrier 200 00$aJournal of early childhood literacy 210 $a[Thousand Oaks, Calif.] $cSage Publications$d[2001]- 215 $a1 online resource 300 $aRefereed/Peer-reviewed 311 $a1468-7984 606 $aLanguage arts (Early childhood)$vPeriodicals 606 $aEarly childhood education$vPeriodicals 606 $aLiteracy$vPeriodicals 606 $aReading (Early childhood)$vPeriodicals 606 $a05.15 reading$2bcl 606 $aLanguage arts (Early childhood)$2fast$3(OCoLC)fst00992309 606 $aEarly childhood education$2fast$3(OCoLC)fst00900596 606 $aLiteracy$2fast$3(OCoLC)fst00999859 606 $aReading (Early childhood)$2fast$3(OCoLC)fst01090697 606 $aAlfabetisme$2gtt 606 $aKinderen$2gtt 606 $aTaalvaardigheid$2gtt 608 $aPeriodicals.$2fast 608 $aPeriodicals.$2lcgft 610 00$ageletterdheid 610 00$aliteracy 610 00$akinderen 610 00$achildren 610 10$aEducation (General) 610 10$aOnderwijs (algemeen) 615 0$aLanguage arts (Early childhood) 615 0$aEarly childhood education 615 0$aLiteracy 615 0$aReading (Early childhood) 615 7$a05.15 reading. 615 7$aLanguage arts (Early childhood) 615 7$aEarly childhood education. 615 7$aLiteracy. 615 7$aReading (Early childhood) 615 17$aAlfabetisme. 615 17$aKinderen. 615 17$aTaalvaardigheid. 676 $a302 2244 906 $aJOURNAL 912 $a9910446858103321 996 $aJournal of early childhood literacy$92239051 997 $aUNINA LEADER 01071nam a2200277 i 4500 001 991001160049707536 005 20020507184337.0 008 961204s1995 ne ||| | eng 020 $a9067641723 035 $ab10809041-39ule_inst 035 $aLE01307982$9ExL 040 $aDip.to Matematica$beng 082 0 $a515.353 084 $aAMS 35R25 100 1 $aAnikonov, Yu. E.$0536185 245 10$aMultidimensional inverse and ill-posed problems for differential equations /$cYu. E. Anikonov 260 $aUtrecht, The Netherlands :$bVSP,$c1995 300 $avi, 133 p. ;$c25 cm 490 0 $aInverse and ill-posed problems series,$x1381-4524 650 4$aImproperly posed problems for PDE 907 $a.b10809041$b23-02-17$c28-06-02 912 $a991001160049707536 945 $aLE013 35R ANI11 (1995)$g1$i2013000068350$lle013$o-$pE0.00$q-$rl$s- $t0$u1$v0$w1$x0$y.i10914250$z28-06-02 996 $aMultidimensional inverse and ill-posed problems for differential equations$9925031 997 $aUNISALENTO 998 $ale013$b01-01-96$cm$da $e-$feng$gne $h0$i1